Detalles MARC
| 000 -CABECERA |
| campo de control de longitud fija |
02198nam a2200313 i 4500 |
| 003 - IDENTIFICADOR DEL NÚMERO DE CONTROL |
| campo de control |
DO-SdBNP |
| 005 - FECHA Y HORA DE LA ÚLTIMA TRANSACCIÓN |
| campo de control |
20260321073646.0 |
| 006 - CÓDIGOS DE INFORMACIÓN DE LONGITUD FIJA--CARACTERÍSTICAS DEL MATERIAL ADICIONAL |
| campo de control de longitud fija |
a||||gr|||| 00| 0 |
| 007 - CAMPO FIJO DE DESCRIPCIÓN FÍSICA--INFORMACIÓN GENERAL |
| campo de control de longitud fija |
ta |
| 008 - DATOS DE LONGITUD FIJA--INFORMACIÓN GENERAL |
| campo de control de longitud fija |
230830e1992 dr ||||| |||| 00| 0 spa d |
| 040 ## - FUENTE DE LA CATALOGACIÓN |
| Centro catalogador/agencia de origen |
DO-SdBNP |
| Lengua de catalogación |
spa |
| Centro/agencia transcriptor |
BNPHU |
| Normas de descripción |
rda |
| 082 #4 - NÚMERO DE LA CLASIFICACIÓN DECIMAL DEWEY |
| Número de clasificación |
324.27293 |
| Número de documento/Ítem |
B742p, 1992 |
| Número de edición |
22 |
| 100 1# - ENTRADA PRINCIPAL--NOMBRE DE PERSONA |
| Nombre de persona |
Bosch, Juan, |
| Fechas asociadas al nombre |
1909-2001 |
| Término indicativo de función/relación |
autor |
| 9 (RLIN) |
76555 |
| 245 13 - MENCIÓN DE TÍTULO |
| Título |
El PLD: |
| Resto del título |
colección estudios sociales / |
| Mención de responsabilidad, etc. |
Juan Bosch |
| 250 ## - MENCIÓN DE EDICIÓN |
| Mención de edición |
2a. edición |
| 264 #1 - PRODUCCIÓN, PUBLICACIÓN, DISTRIBUCIÓN, FABRICACIÓN Y COPYRIGHT |
| Producción, publicación, distribución, fabricación y copyright |
Santo Domingo : |
| Nombre del de productor, editor, distribuidor, fabricante |
Alfa & Omega, |
| Fecha de producción, publicación, distribución, fabricación o copyright |
1992. |
| 300 ## - DESCRIPCIÓN FÍSICA |
| Extensión |
326 páginas ; |
| Dimensiones |
20 cm. |
| 336 ## - TIPO DE CONTENIDO |
| Fuente |
rdacontent |
| Término de tipo de contenido |
texto |
| Código de tipo de contenido |
txt |
| 337 ## - TIPO DE MEDIO |
| Fuente |
rdamedia |
| Nombre/término del tipo de medio |
sin mediación |
| Código del tipo de medio |
n |
| 338 ## - TIPO DE SOPORTE |
| Fuente |
rdacarrier |
| Nombre/término del tipo de soporte |
volumen |
| Código del tipo de soporte |
nc |
| 505 ## - NOTA DE CONTENIDO CON FORMATO |
| Nota de contenido con formato |
Palabras de información para el lector. |
| Título |
Sobre las causas de los ataques a Santo Domingo en el siglo XVI y XVII.-- |
| -- |
Santo Domingo en el siglo XVII.-- |
| -- |
La revolución haitiana.-- |
| -- |
La España Boba y la Independencia Efímera 1809-1822.-- |
| -- |
La ocupación haitiana (1822-1844).-- |
| -- |
Perfil político de Pedro Santana (I).-- |
| -- |
Perfil político de Pedro Santana (II).-- |
| -- |
La acumulación originaria en la República Dominicana (I).-- |
| -- |
La acumulación originaria en la República Dominicana (II).-- |
| -- |
La acumulación originaria en la República Dominicana (III).-- |
| -- |
La acumulación originaria en la República Dominicana (III).-- |
| -- |
La acumulación originaria en la República Dominicana (IV).-- |
| -- |
Sobre las relaciones de producción.-- |
| -- |
Sobre la división de clases en la República Dominicana.-- |
| -- |
Sobre la formación de la burguesía.-- |
| -- |
Acerca del Estado (I).-- |
| -- |
Acerca del Estado (II).-- |
| -- |
La deuda externa (I).-- |
| -- |
La deuda externa (II).-- |
| -- |
Los métodos de trabajo.-- |
| -- |
Base teórica de los métodos de trabajo.-- |
| -- |
Planes y métodos.-- |
| -- |
Organización y disciplina (I).-- |
| -- |
Organización y disciplina (II).-- |
| -- |
Organización y disciplina (III)./ |
| 590 ## - NOTA LOCAL (RLIN) |
| Nota local |
Inventariado 2023 / YL |
| 650 #4 - PUNTO DE ACCESO ADICIONAL DE MATERIA--TÉRMINO DE MATERIA |
| Término de materia o nombre geográfico como elemento de entrada |
Partido de la Liberación Dominicana |
| 9 (RLIN) |
1909 |
| 650 #4 - PUNTO DE ACCESO ADICIONAL DE MATERIA--TÉRMINO DE MATERIA |
| Término de materia o nombre geográfico como elemento de entrada |
Partidos políticos |
| Subdivisión de forma |
República Dominicana |
| 9 (RLIN) |
84037 |
| 651 #0 - PUNTO DE ACCESO ADICIONAL DE MATERIA--NOMBRE GEOGRÁFICO |
| Nombre geográfico |
República Dominicana |
| Subdivisión general |
Política y gobierno |
| 9 (RLIN) |
45 |
| 651 #4 - PUNTO DE ACCESO ADICIONAL DE MATERIA--NOMBRE GEOGRÁFICO |
| Nombre geográfico |
República Dominicana |
| Subdivisión general |
Historia |
| 9 (RLIN) |
170 |
| 910 ## - DATOS DE OPCIÓN DEL USUARIO (OCLC) |
| Datos de opción del usuario |
Ylockward/ Validado. Control de calidad MFF |
| 942 ## - ELEMENTOS DE PUNTO DE ACCESO ADICIONAL (KOHA) |
| Fuente del sistema de clasificación o colocación |
Dewey Decimal Classification |
| Tipo de ítem Koha |
Libro |